000 00338nam a2200121Ia 4500
008 180205s9999 xx 000 0 und d
020 _a495800120
100 _aLarson, Charles U.
245 _aPersuasion :
_breception and responsibility
250 _a12th ed
260 _aUSA
_bWadsworth cengage learning
_c2010
300 _avi, 449 pages
999 _c354705
_d354705